| 000 | 00580nam a2200181Ia 4500 | ||
|---|---|---|---|
| 001 | 19270 | ||
| 005 | 20260306171732.0 | ||
| 008 | 260306s9999||||xx |||||||||||||| ||und|| | ||
| 041 | _aESP | ||
| 082 |
_a658.827 _bM26 |
||
| 100 |
_aMarín Palacios, Cristina _eAUT |
||
| 245 | 0 | _aInfluencia de las estrategias promocionales de las marcas de fabricante sobre las ventas de las marcas de la distribución. Un estudio de la categoría de bebidas energéticas | |
| 260 | _c2011 | ||
| 300 |
_a393 páginas : _c30 cm. |
||
| 650 | _aGEN | ||
| 654 | _aCAN | ||
| 942 |
_cLIB _dJUS _fJUS _2ddc _n |
||
| 999 |
_c19270 _d19270 |
||